<?xml version="1.0" encoding="UTF-8"?>
<record
    xmlns:xsi="http://www.w3.org/2001/XMLSchema-instance"
    xsi:schemaLocation="http://www.loc.gov/MARC21/slim http://www.loc.gov/standards/marcxml/schema/MARC21slim.xsd"
    xmlns="http://www.loc.gov/MARC21/slim">

  <leader>01871nam a2200313   4500</leader>
  <controlfield tag="001">241</controlfield>
  <controlfield tag="003">OSt</controlfield>
  <controlfield tag="005">20250528074016.0</controlfield>
  <controlfield tag="008">250206b        |||||||e |||| 00| 1 eng d</controlfield>
  <datafield tag="020" ind1=" " ind2=" ">
    <subfield code="a">8532507581</subfield>
  </datafield>
  <datafield tag="040" ind1=" " ind2=" ">
    <subfield code="b">por</subfield>
  </datafield>
  <datafield tag="041" ind1=" " ind2=" ">
    <subfield code="h">eng</subfield>
    <subfield code="a">por</subfield>
  </datafield>
  <datafield tag="082" ind1=" " ind2=" ">
    <subfield code="a">823</subfield>
    <subfield code="b">F667t</subfield>
  </datafield>
  <datafield tag="100" ind1="1" ind2=" ">
    <subfield code="a">Follett, Ken,</subfield>
    <subfield code="d">1949-</subfield>
    <subfield code="9">453</subfield>
  </datafield>
  <datafield tag="240" ind1=" " ind2=" ">
    <subfield code="a">The third twin</subfield>
  </datafield>
  <datafield tag="245" ind1=" " ind2=" ">
    <subfield code="a">O terceiro g&#xEA;meo /</subfield>
    <subfield code="c">Follett, Ken ; Tradu&#xE7;&#xE3;o de Haroldo Netto</subfield>
  </datafield>
  <datafield tag="260" ind1=" " ind2=" ">
    <subfield code="a">Rio de Janeiro</subfield>
    <subfield code="b">Rocco</subfield>
    <subfield code="c">1997</subfield>
  </datafield>
  <datafield tag="300" ind1=" " ind2=" ">
    <subfield code="a">517 p.</subfield>
  </datafield>
  <datafield tag="520" ind1=" " ind2=" ">
    <subfield code="a">Jeannie Ferrami &#xE9; uma brilhante pesquisadora universit&#xE1;ria que quer provar que indiv&#xED;duos geneticamente predispostos a atitudes agressivas podem sublimar essas caracter&#xED;sticas atrav&#xE9;s de uma educa&#xE7;&#xE3;o adequada.
Ela desenvolve suas pesquisas atrav&#xE9;s de um software, capaz de identificar g&#xEA;meos id&#xEA;nticos criados separadamente.
Recorrendo &#xE0;s informa&#xE7;&#xF5;es m&#xE9;dicas de milh&#xF5;es de pessoas, contidas em bancos de dados, ela descobre um par ideal: um &#xE9; criminoso e o outro, um cidad&#xE3;o exemplar.
Entretanto Jeannie se depara com uma situa&#xE7;&#xE3;o imposs&#xED;vel: os g&#xEA;meos s&#xE3;o id&#xEA;nticos, mas nascidos de diferentes m&#xE3;es, em diferentes datas.
A descoberta deixa Jeannie em s&#xE9;rios apuros. Ela come&#xE7;a a enfrentar a persegui&#xE7;&#xE3;o de seu chefe, Berrington Jones, uma autoridade mundial em engenharia gen&#xE9;tica e s&#xF3;cio de uma companhia de manipula&#xE7;&#xE3;o gen&#xE9;tica, a Genetico Inc.
A empresa est&#xE1; prestes a ser vendida para uma companhia europ&#xE9;ia por US$ 180 milh&#xF5;es, e a revela&#xE7;&#xE3;o dessa experi&#xEA;ncia pode colocar em risco a conclus&#xE3;o desse lucrativo neg&#xF3;cio.</subfield>
  </datafield>
  <datafield tag="650" ind1=" " ind2="0">
    <subfield code="a">Literatura Inglesa</subfield>
    <subfield code="9">89</subfield>
  </datafield>
  <datafield tag="650" ind1=" " ind2="0">
    <subfield code="a">Crime e Investiga&#xE7;&#xE3;o </subfield>
    <subfield code="9">13</subfield>
  </datafield>
  <datafield tag="650" ind1=" " ind2="0">
    <subfield code="a">Medicina</subfield>
    <subfield code="9">319</subfield>
  </datafield>
  <datafield tag="650" ind1=" " ind2="0">
    <subfield code="a">Suspense</subfield>
    <subfield code="9">10</subfield>
  </datafield>
  <datafield tag="650" ind1=" " ind2="0">
    <subfield code="a">Psicol&#xF3;gico</subfield>
    <subfield code="9">85</subfield>
  </datafield>
  <datafield tag="655" ind1=" " ind2="0">
    <subfield code="a">Romance</subfield>
    <subfield code="9">23</subfield>
  </datafield>
  <datafield tag="655" ind1=" " ind2="0">
    <subfield code="a">Fic&#xE7;&#xE3;o </subfield>
    <subfield code="9">22</subfield>
  </datafield>
  <datafield tag="700" ind1=" " ind2=" ">
    <subfield code="a">Haroldo Netto</subfield>
    <subfield code="e">Tradutor</subfield>
    <subfield code="9">450</subfield>
  </datafield>
  <datafield tag="942" ind1=" " ind2=" ">
    <subfield code="2">ddc</subfield>
    <subfield code="n">0</subfield>
    <subfield code="c">BK</subfield>
  </datafield>
  <datafield tag="952" ind1=" " ind2=" ">
    <subfield code="0">0</subfield>
    <subfield code="1">0</subfield>
    <subfield code="2">ddc</subfield>
    <subfield code="4">0</subfield>
    <subfield code="7">0</subfield>
    <subfield code="8">FIC</subfield>
    <subfield code="a">BIBIB</subfield>
    <subfield code="b">BIBIB</subfield>
    <subfield code="c">LE</subfield>
    <subfield code="d">2017-06-02</subfield>
    <subfield code="e">doa&#xE7;&#xE3;o</subfield>
    <subfield code="l">0</subfield>
    <subfield code="o">823 / F667t</subfield>
    <subfield code="p">2025-15707</subfield>
    <subfield code="r">2025-02-06 08:21:28</subfield>
    <subfield code="w">2025-02-06</subfield>
    <subfield code="y">BK</subfield>
  </datafield>
  <datafield tag="999" ind1=" " ind2=" ">
    <subfield code="c">241</subfield>
    <subfield code="d">241</subfield>
  </datafield>
</record>
